Proceedings of the 39th annual ACM Symposium on the Theory of Computing : San Diego, California, USA, June 11-13, 2007 /

Guardado en:
Autores Corporativos: ACM Symposium on Theory of Computing San Diego, California, USA), ACM Special Interest Group for Algorithms and Computation Theory.
Formato: Libro
Idioma:English
Publicado: New York : Association for Computing Machinery, 2007.
Etiquetas: Agregar Etiqueta
Sin Etiquetas, Sea el primero en etiquetar este registro!
LEADER 00989nam a22002175a 4500
001 MAT.inmabb004823
008 080430s2007####nyua#####b####101#0#eng#d
005 20160519143937.0
245 1 0 |a Proceedings of the 39th annual ACM Symposium on the Theory of Computing :  |b San Diego, California, USA, June 11-13, 2007 /  |c Sponsored by SIGACT [The ACM Special Interest Group for Algorithms and Computation Theory] organized by the Computer Technology Institute. 
260 |a New York :  |b Association for Computing Machinery,  |c 2007. 
300 |a xv, 704 p. :  |b il ;  |c 28 cm. 
504 |a Incluye referencias bibliográficas. 
510 4 |a MR 
020 |a 9781595936318 
111 2 |a ACM Symposium on Theory of Computing  |n (39º :  |d 2007 :  |c San Diego, California, USA) 
710 2 |a ACM Special Interest Group for Algorithms and Computation Theory. 
246 1 8 |a STOC'07 
246 3 0 |a Theory of computing 
084 |a 68-06  |2 msc2000 
084 |a 68QXX  |2 msc2000 
859 |h 68  |i Ac184-39  |p A-8514  |b BIB. MATEMATICA